Movies Quiz

Random Movies or Actress Quiz

Either/Or in 30: Movie Actresses Quiz Stats

 Plays Quiz Updated Oct 24, 2019

Score 0/15 Timer 00:30
23 Plays Today
Question Answer Wrong Answers
Fast Times at Ridgemont High Jennifer Jason Leigh
63.9%
Jennifer Lawrence
7%
A Star Is Born Judy Garland
63.3%
Judi Dench
7.7%
Victor/Victoria Julie Andrews
63.2%
Julie Harris
7.8%
Curly Top Shirley Temple
60.7%
Shirley Booth
9.7%
The Help Jessica Chastain
58.7%
Jessica Biel
11.8%
One Flew Over the Cuckoo’s Nest Louise Fletcher
56.8%
Louise Brooks
13.1%
Love Story Ali MacGraw
55.8%
Ally Sheedy
14%
Jezebel Bette Davis
54.5%
Betty Grable
14.5%
Unfaithful Diane Lane
54.1%
Diane Ladd
15.8%
Up in the Air Anna Kendrick
53.6%
Anna Faris
16.2%
Coyote Ugly Piper Perabo
52.4%
Piper Laurie
18.1%
Working Girl Joan Cusack
52%
Joan Crawford
18.2%
Frances Jessica Lange
48.3%
Jessica Tandy
20.6%
North by Northwest Eva Marie Saint
42.9%
Ava Gardner
27%
The Color of Money Mary Elizabeth Mastrantonio
40.7%
Mary Stuart Masterson
28.4%

You're not logged in!

Compare scores with friends on all Sporcle quizzes.
OR
Log In

Sporcle TV

Today on Sporcle TV


Watch our educational content, quiz creation guides, and fun videos on Sporcle TV.

Show Comments

Extras

Top Quizzes Today


Score Distribution

Your Account Isn't Verified!

In order to create a playlist on Sporcle, you need to verify the email address you used during registration. Go to your Sporcle Settings to finish the process.

Report this User

Report this user for behavior that violates our Community Guidelines.

Details: